Historical buildings of Harare (1890-1940) (Record no. 45570)

MARC details
000 -LEADER
fixed length control field 00664nam a2200181 a 4500
008 - FIXED-LENGTH DATA ELEMENTS--GENERAL INFORMATION
fixed length control field 120416s1986 ||||||||||||||||| || u
020 ## - INTERNATIONAL STANDARD BOOK NUMBER
International Standard Book Number 0908306024
050 ## - LIBRARY OF CONGRESS CALL NUMBER
Classification number NA 1596.6R5 Jac
100 ## - MAIN ENTRY--PERSONAL NAME
Personal name Jackson, Peter
245 10 - TITLE STATEMENT
Title Historical buildings of Harare (1890-1940)
260 ## - PUBLICATION, DISTRIBUTION, ETC.
Place of publication, distribution, etc. Harare:
Name of publisher, distributor, etc. Quest Publishing
Date of publication, distribution, etc. 1986
300 ## - PHYSICAL DESCRIPTION
Extent x, 134p. : ill.
350 ## - PRICE (NR) (BK AM CF MU VM SE) [OBSOLETE]
Price 0.00
650 ## - SUBJECT ADDED ENTRY--TOPICAL TERM
Topical term or geographic name entry element ARCHITECTURE--ZIMBABWE--HARARE--CATALOGS
650 ## - SUBJECT ADDED ENTRY--TOPICAL TERM
Topical term or geographic name entry element ARCHITECTURE--UNITED STATES--HISTORY
700 ## - ADDED ENTRY--PERSONAL NAME
Personal name Lassen, Neils
995 ## - RECOMMENDATION 995 [LOCAL, UNIMARC FRANCE]
-- 0.00
-- CBU-MAIN LIBRARY (Kitwe)
-- 1
-- 7.00
-- 1
-- AVAILABLE
-- Main Library Open Access Collection
Holdings
Withdrawn status Lost status Source of classification or shelving scheme Damaged status Not for loan Home library Current library Shelving location Date acquired Total Checkouts Full call number Barcode Date last seen Date last checked out Price effective from Koha item type
          CBU-MAIN LIBRARY, KITWE. CBU-MAIN LIBRARY, KITWE.   11/30/2022 1 NA 1596.6R5 Jac 010143 07/10/2025 07/01/2025 11/30/2022 MONOGRAPH